[Event "TUR-chT"]
[Site "Konya"]
[Date "2011.07.02"]
[Round "6"]
[White "Olcum, Ahmet"]
[Black "Guven, Baris"]
[Result "1-0"]
[WhiteElo "1920"]
[BlackElo "1856"]
[PlyCount "73"]
[EventDate "2011.06.28"]
[EventType "team-swiss"]
[EventRounds "13"]
[EventCountry "TUR"]
[SourceTitle "CBM 143 Extra"]
[Source "ChessBase"]
[SourceDate "2011.08.29"]
[SourceVersion "1"]
[SourceVersionDate "2011.08.29"]
[SourceQuality "1"]
[WhiteTeam "Deniz Genclik"]
[BlackTeam "Istanbul Teknik Uni"]
[WhiteTeamCountry "TUR"]
[BlackTeamCountry "TUR"]

1. e4 e5 2. Nc3 Nf6 3. g3 d5 4. exd5 Nxd5 5. Bg2 Nxc3 6. bxc3 Bc5 7. Ne2 Nc6 8. Bb2 0-0 9. 0-0 Bg4 10. h3 Bxe2 11. Qxe2 Qg5 12. d3 Rad8 13. Rae1 f5 14. Bxc6 bxc6 15. Qxe5 Bd6 16. Qe6+ Kh8 17. h4 Qh5 18. Qe2 Qg6 19. Qf3 f4 20. g4 Qh6 21. h5 Rf6 22. c4 Rff8 23. Be5 Rde8 24. Bxd6 Qxd6 25. Kg2 h6 26. Kg1 Rxe1 27. Rxe1 Qd4 28. Re6 Qa1+ 29. Kg2 c5 30. Rg6 Qe5 31. Ra6 Qg5 32. Rxa7 Re8 33. Ra8 Rxa8 34. Qxa8+ Kh7 35. Qe4+ Kg8 36. Qe8+ Kh7 37. Qg6+ 1-0

[Event "TUR-ch"]
[Site "Kemer"]
[Date "2011.02.13"]
[Round "10"]
[White "Ertekin, Ramazan"]
[Black "Guven, Baris"]
[Result "0-1"]
[WhiteElo "1931"]
[BlackElo "1809"]
[PlyCount "48"]
[EventDate "2011.02.05"]
[EventType "swiss"]
[EventRounds "10"]
[EventCountry "TUR"]
[SourceTitle "CBM 140 Extra"]
[Source "ChessBase"]
[SourceDate "2011.03.01"]
[SourceVersion "1"]
[SourceVersionDate "2011.03.01"]
[SourceQuality "1"]

1. c4 e5 2. Nc3 Nc6 3. Nf3 g6 4. g3 Bg7 5. Bg2 d6 6. d3 Nge7 7. Bg5 f6 8. Be3 Be6 9. d4 exd4 10. Nxd4 Nxd4 11. Bxd4 c6 12. b3 Nf5 13. Ne4 Nxd4 14. Qxd4 Qa5+ 15. Kf1 0-0 16. Qxd6 Rfe8 17. Qc5 Qc7 18. Rd1 Red8 19. Rxd8+ Rxd8 20. Bf3 Bh3+ 21. Ke1 f5 22. e3 fxe4 23. Bxe4 Qd7 24. Ke2 Qd2+ 0-1

[Event "TUR-ch"]
[Site "Kemer"]
[Date "2011.02.05"]
[Round "1"]
[White "Guven, Baris"]
[Black "Sertbay, Huseyin"]
[Result "1-0"]
[WhiteElo "1809"]
[BlackElo "1996"]
[PlyCount "61"]
[EventDate "2011.02.05"]
[EventType "swiss"]
[EventRounds "10"]
[EventCountry "TUR"]
[SourceTitle "CBM 140 Extra"]
[Source "ChessBase"]
[SourceDate "2011.03.01"]
[SourceVersion "1"]
[SourceVersionDate "2011.03.01"]
[SourceQuality "1"]

1. e4 g6 2. d4 Bg7 3. Nc3 d6 4. Be3 Nf6 5. f3 c6 6. Qd2 b5 7. g4 a6 8. 0-0-0 Bb7 9. Bh6 Bxh6 10. Qxh6 Qa5 11. e5 dxe5 12. dxe5 Nd5 13. Qg7 Rf8 14. Nxd5 cxd5 15. Kb1 Nc6 16. e6 fxe6 17. Qxh7 Rc8 18. Qxg6+ Kd7 19. Bd3 Qa4 20. Re1 Rf6 21. Qh7 Nb4 22. a3 Nxd3 23. Qxd3 b4 24. axb4 Qxb4 25. Ne2 Bc6 26. g5 Rff8 27. Nd4 Rb8 28. b3 Bb5 29. Qe3 Rb6 30. Nxe6 Rc8 31. Qxb6 1-0

[Event "Troya op"]
[Site "Canakkale"]
[Date "2010.08.07"]
[Round "1"]
[White "Morchiashvili, Bachana"]
[Black "Guven, Baris"]
[Result "1-0"]
[WhiteElo "2363"]
[BlackElo "1735"]
[PlyCount "71"]
[EventDate "2010.08.07"]
[EventType "swiss"]
[EventRounds "9"]
[EventCountry "TUR"]
[SourceTitle "CBM 137 Extra"]
[Source "ChessBase"]
[SourceDate "2010.09.01"]
[SourceVersion "1"]
[SourceVersionDate "2010.09.01"]
[SourceQuality "1"]

1. d4 Nf6 2. c4 e6 3. Nf3 Bb4+ 4. Nc3 0-0 5. Bg5 d5 6. e3 h6 7. Bh4 g5 8. Bg3 Ne4 9. Qc2 h5 10. Bd3 f5 11. 0-0-0 c6 12. Bxe4 fxe4 13. h4 g4 14. Ne5 Qf6 15. f3 Bxc3 16. bxc3 exf3 17. gxf3 Qf5 18. e4 Qh7 19. Rde1 Nd7 20. fxg4 hxg4 21. Nxg4 dxe4 22. Rhg1 Kf7 23. Rxe4 Qh5 24. Bd6 Rg8 25. Qf2+ Ke8 26. Nf6+ Nxf6 27. Rxg8+ Nxg8 28. Qf8+ Kd7 29. Qg7+ Kxd6 30. c5+ Kd5 31. Re5+ Qxe5 32. Qxe5+ Kc4 33. Kc2 Ne7 34. Qe2+ Kd5 35. Kd3 Ng6 36. c4# 1-0

[Event "TUR-chT"]
[Site "Konya"]
[Date "2010.07.02"]
[Round "5"]
[White "Yuksel, Atilla Koksal"]
[Black "Guven, Baris"]
[Result "1-0"]
[WhiteElo "1975"]
[BlackElo "1735"]
[PlyCount "43"]
[EventDate "2010.06.29"]
[EventType "team-tourn"]
[EventRounds "13"]
[EventCountry "TUR"]
[SourceTitle "CBM 137 Extra"]
[Source "ChessBase"]
[SourceDate "2010.09.01"]
[SourceVersion "1"]
[SourceVersionDate "2010.09.01"]
[SourceQuality "1"]

1. e4 e5 2. f4 d5 3. exd5 exf4 4. Nf3 Qxd5 5. Nc3 Qd8 6. Bc4 Nc6 7. d4 Bg4 8. Bxf4 Bxf3 9. Qxf3 Nxd4 10. Qe4+ Qe7 11. 0-0-0 Qxe4 12. Nxe4 0-0-0 13. c3 Nc6 14. Bxf7 h6 15. Be6+ Kb8 16. Rxd8+ Nxd8 17. Bg4 Nf7 18. Rf1 Nd6 19. Bxd6 Bxd6 20. Nxd6 cxd6 21. Rf8+ Kc7 22. Be6 1-0

[Event "TUR-chT"]
[Site "Konya"]
[Date "2010.06.29"]
[Round "1"]
[White "Ozen, Burak"]
[Black "Guven, Baris"]
[Result "1/2-1/2"]
[WhiteElo "2078"]
[BlackElo "1735"]
[PlyCount "73"]
[EventDate "2010.06.29"]
[EventType "team-tourn"]
[EventRounds "13"]
[EventCountry "TUR"]
[SourceTitle "CBM 137 Extra"]
[Source "ChessBase"]
[SourceDate "2010.09.01"]
[SourceVersion "1"]
[SourceVersionDate "2010.09.01"]
[SourceQuality "1"]

1. d4 Nf6 2. c4 e6 3. Nc3 Bb4 4. Bg5 h6 5. Bxf6 Qxf6 6. Nf3 Bxc3+ 7. bxc3 d6 8. e3 0-0 9. Bd3 e5 10. 0-0 Qe7 11. Nd2 f5 12. Qh5 c5 13. d5 Qf6 14. e4 f4 15. Rab1 g5 16. Be2 b6 17. Bg4 Qg7 18. Bxc8 Rxc8 19. Qg4 Re8 20. h4 Nd7 21. hxg5 hxg5 22. Nf3 Nf6 23. Qf5 Nh7 24. Nh2 Rab8 25. Qh3 Nf6 26. f3 Rb7 27. Ng4 Nxg4 28. Qxg4 Qh6 29. Kf2 Qh4+ 30. Qxh4 gxh4 31. Rh1 Rh7 32. a4 Rd8 33. Rh3 Kg7 34. Rbh1 Rdh8 35. Ra1 Rb8 36. Ke2 Kf6 37. Rah1 1/2-1/2